000 00426nam a2200181Ia 4500
005 20240823010629.0
008 240823s9999||||xx |||||||||||||| ||und||
041 _aTAMIL
082 _A001 p0
100 _aSubburaju V K
245 0 _aPothu Ariyu Kalanchiyam General Knowledge
250 _a1st
260 _c2000
_b"Sura,Ch"
_aChennai
500 _aLOST
650 _aGeneral
_bGeneral
942 _cBK
999 _c159187
_d159187